Modern Geometry Methods and Applications Part 3.Introduction to Homology Theory (Record no. 530915)
[ view plain ]
| 000 -LEADER | |
|---|---|
| fixed length control field | 00407nam a2200133Ia 4500 |
| 008 - FIXED-LENGTH DATA ELEMENTS--GENERAL INFORMATION | |
| fixed length control field | 191014s9999 xx 000 0 und d |
| 020 ## - INTERNATIONAL STANDARD BOOK NUMBER | |
| International Standard Book Number | 0-540-97271-4 |
| 082 ## - DEWEY DECIMAL CLASSIFICATION NUMBER | |
| Classification number | 516 |
| Author Mark | DUB |
| 100 ## - MAIN ENTRY--PERSONAL NAME | |
| Personal name | B.Adubrovin,A.t.Fomenko,S.P.Novikov |
| 9 (RLIN) | 20342 |
| 245 #0 - TITLE STATEMENT | |
| Title | Modern Geometry Methods and Applications Part 3.Introduction to Homology Theory |
| 260 ## - PUBLICATION, DISTRIBUTION, ETC. | |
| Place of publication, distribution, etc. | New York |
| Name of publisher, distributor, etc. | Springer |
| Date of publication, distribution, etc. | 1984 |
| 300 ## - PHYSICAL DESCRIPTION | |
| Extent | Ix,416 |
| 942 ## - ADDED ENTRY ELEMENTS (KOHA) | |
| Koha item type | Book |
| Withdrawn status | Lost status | Damaged status | Not for loan | Permanent Location | Current Location | Date acquired | Source of acquisition | Cost, normal purchase price | Total Checkouts | Full call number | Barcode | Date last seen | Price effective from | Koha item type |
|---|---|---|---|---|---|---|---|---|---|---|---|---|---|---|
| School of Natural Sciences (SNS) | School of Natural Sciences (SNS) | 10/15/2019 | Donation | 0.00 | 516DUB | SNS0002692 | 10/15/2019 | 10/15/2019 | Book |
